00485nam a22001697a 450000500170000001000140001702000260003103500130005703700130007008200060008310000260008924500620011526000430017727000610022030000220028165000120030320100803101555.0 aENG-97774 a9788128826139c100.00 aEN-81307 bDBAD/PUB aN aSahajwala, Prem Chand aMumbai Kiski & other ariticles /cby Prem Chand Sahajwala aNew Delhi bDiamond Pocket Booksc2010 aX-30, Okhla Industrial Area, Phase-IIbNew Delhie110020 a176p.c22cm (pbk) aFiction